LEADER 01320nam0 22003133i 450 001 UBO0330137 005 20231121125854.0 010 $a8824414265 100 $a20141021d1998 ||||0itac50 ba 101 | $aita$cita 102 $ait 181 1$6z01$ai $bxxxe 182 1$6z01$an 200 1 $aTest di biblioteconomia$eaggiornati al D.Lgs.20-10-1998, n.368, istitutivo del nuovo Ministero per i beni e le attivita culturali, a norma dell'art.11 della L.59/97 210 $aNapoli$cEsselibri-Simone$d1998 215 $a270 p.$d21 cm. 225 | $aDiritto & informatica$iEdizioni Simone$v90/1 410 0$1001CFI0078662$12001 $aDiritto & informatica$i*Edizioni Simone$v90/1 500 11$aTest di biblioteconomia$3CAG2147719$9712102 606 $aBiblioteconomia$xManuale$2FIR$3RMLC245142$9I 676 $a020$9Biblioteconomia e Scienza dell'informazione$v21 801 3$aIT$bIT-01$c20141021 850 $aIT-FR0098 899 $aBiblioteca Area Giuridico Economica$bFR0098 912 $aUBO0330137 950 0$aBiblioteca Area Giuridico Economica$d 53TER 020/29$e 53VM 0000110035 VM barcode:ECO010244. - Inventario:5187. - Fondo:Sala consultazioneVM$fA $h20010705$i20121204 977 $a 53 996 $aTest di biblioteconomia$9712102 997 $aUNICAS